|
|
|
|
| LEADER |
00000nam a2200000 a 4500 |
| 001 |
vtls001442872 |
| 003 |
SK-MaSNL |
| 005 |
20260301162919.0 |
| 008 |
240314s1881 hu 0 hun |
| 035 |
|
|
|a SNK000398093
|
| 040 |
|
|
|a SNK
|b slo
|c SNK
|e AACR2
|
| 041 |
0 |
|
|a hun
|
| 044 |
|
|
|a hu
|c HU
|
| 100 |
1 |
|
|a Zsilinszky, Mihály,
|d 1838-1925
|4 aut
|9 286588
|
| 245 |
1 |
0 |
|a A Magyar országgyulések Vallasügyi Tárgyalásai a reformatiotól kezd ve
|
| 260 |
|
|
|a Budapest
|b Franklin-Társulat
|c 1881
|
| 300 |
|
|
|a 359 s.
|
| 958 |
|
|
|a ONDV
|
| 999 |
|
|
|c 814997
|d 816927
|
| 952 |
|
|
|a SNK
|b SNK
|y PREZ
|7 0
|p 17A0715508
|o snkSC 1101/1-2
|0 0
|1 0
|4 0
|d 2011-11-21
|l 0
|r 2025-06-04 00:00:00
|w 2026-02-24
|
| 952 |
|
|
|t P60, <04>, [BOOK], {604}
|a SNK
|b SNK
|y VYP
|7 0
|p 17A0360770
|o snkSC 1101/1 D1
|0 0
|1 0
|4 0
|d 2002-10-23
|l 0
|r 2005-01-02 00:00:00
|w 2026-02-24
|